[Event "XII Weekend A"]
[Site "Bergamo ITA"]
[Date "2000.03.??"]
[Round "?"]
[White "Agnelli, Francesco"]
[Black "Bisignano, Giuseppe"]
[Result "1-0"]
[WhiteElo "2118"]
[BlackElo "1701"]
[PlyCount "145"]
[EventDate "2000.03.04"]

1. e4 e5 2. Nf3 Nf6 3. Nxe5 Qe7 4. d4 d6 5. Nf3 Qxe4+ 6. Be2 Be7 7. Nc3 Qe6 8.
O-O O-O 9. Re1 Qd7 10. Bb5 c6 11. Bd3 b5 12. d5 a6 13. Nd4 cxd5 14. Nf5 Nc6 15.
Bg5 Ne5 16. Nxe7+ Qxe7 17. Nxd5 Qd8 18. Bxf6 gxf6 19. Re3 Kh8 20. Qh5 Nxd3 21.
Qh4 Ne5 22. Nxf6 Bf5 23. Rh3 Nf3+ 24. Rxf3 Bg6 25. Qd4 Qe7 26. Re3 Qa7 27. Qxd6
Rad8 28. Qe5 Qd4 29. c3 Qxe5 30. Rxe5 Rd2 31. b3 Kg7 32. Ng4 Rfd8 33. h4 h5 34.
Ne3 R8d3 35. c4 bxc4 36. Nxc4 Rd1+ 37. Rxd1 Rxd1+ 38. Kh2 Rd4 39. Kh3 Kf6 40.
Ra5 Bf5+ 41. Kg3 Rg4+ 42. Kf3 Be4+ 43. Ke3 Bxg2 44. Rxh5 Kg6 45. Ra5 Rxh4 46.
Rxa6+ Kg5 47. Ra5+ Kf6 48. f3 Rh3 49. Nd2 Rh8 50. Ne4+ Ke6 51. Ra6+ Ke7 52. b4
Bf1 53. Ra7+ Ke6 54. a4 f5 55. Nd2 Bh3 56. Ra6+ Kd5 57. Ra5+ Ke6 58. Nb3 Bf1
59. Nd4+ Kd7 60. Nxf5 Re8+ 61. Kd4 Be2 62. Ra7+ Kc6 63. b5+ Kb6 64. Ra6+ Kc7
65. Rc6+ Kd7 66. f4 Bf3 67. Rd6+ Kc7 68. Kc5 Rf8 69. b6+ Kb8 70. Ne7 Rxf4 71.
a5 Re4 72. Nc6+ Kb7 73. Rd7+ 1-0

[Event "XII Weekend A"]
[Site "Bergamo ITA"]
[Date "2000.03.??"]
[Round "?"]
[White "Agnelli, Francesco"]
[Black "Del Monte, Jorge Luis"]
[Result "1-0"]
[WhiteElo "2118"]
[BlackElo "1827"]
[PlyCount "61"]
[EventDate "2000.03.04"]

1. e4 e6 2. d4 d5 3. Nc3 Bb4 4. e5 Qd7 5. Qg4 f5 6. Qg3 b6 7. h4 Bb7 8. Nge2
Nc6 9. h5 O-O-O 10. a3 Bxc3+ 11. Qxc3 Nge7 12. h6 g6 13. Bg5 Rde8 14. Nf4 Nd8
15. a4 Kb8 16. a5 Nf7 17. Bf6 Rhg8 18. axb6 cxb6 19. Qa3 Nc8 20. Rh3 g5 21. Nh5
Rg6 22. Bg7 Qe7 23. Qa4 g4 24. Rc3 Nxh6 25. Bf6 Qf7 26. Bb5 Rf8 27. Bd7 Ng8 28.
Bxc8 Bxc8 29. Qb4 Bb7 30. Qd6+ Ka8 31. Qxb6 1-0

[Event "XII Weekend A"]
[Site "Bergamo ITA"]
[Date "2000.03.??"]
[Round "?"]
[White "Agnelli, Francesco"]
[Black "Vismara, Daniele"]
[Result "1/2-1/2"]
[WhiteElo "2118"]
[BlackElo "2265"]
[PlyCount "81"]
[EventDate "2000.03.04"]

1. e4 c5 2. Nf3 d6 3. d4 cxd4 4. Nxd4 Nf6 5. Nc3 a6 6. Be3 e6 7. f3 Qc7 8. g4
Be7 9. Qd2 O-O 10. h4 Nc6 11. O-O-O Nxd4 12. Bxd4 b5 13. Kb1 Nd7 14. g5 Ne5 15.
Qg2 Bd7 16. h5 f6 17. f4 Nc4 18. Bd3 b4 19. gxf6 Bxf6 20. Bxf6 Rxf6 21. e5 Bc6
22. Ne4 Rxf4 23. Bxc4 Bxe4 24. Bxe6+ Kh8 25. Qd2 dxe5 26. Rhg1 h6 27. Qd7 Qxd7
28. Rxd7 Raf8 29. b3 Rf1+ 30. Rxf1 Rxf1+ 31. Kb2 Rf8 32. Re7 Kh7 33. Bc4 Rf2
34. a4 Bxc2 35. Kc1 e4 36. Re8 g5 37. Re7+ Kh8 38. Re6 Bd3 39. Rxh6+ Kg7 40.
Rg6+ Kh7 41. Bxd3 1/2-1/2

[Event "XII Weekend A"]
[Site "Bergamo ITA"]
[Date "2000.03.??"]
[Round "?"]
[White "Bassis, Ivano"]
[Black "Agnelli, Francesco"]
[Result "0-1"]
[WhiteElo "1702"]
[BlackElo "2118"]
[PlyCount "60"]
[EventDate "2000.03.04"]

1. e4 c5 2. Nf3 Nc6 3. Bb5 e6 4. Bxc6 bxc6 5. b3 d6 6. Bb2 e5 7. d3 Ne7 8. Nbd2
Ng6 9. Nc4 Nf4 10. O-O Be7 11. Ne3 O-O 12. Bc1 g6 13. Nc4 Ne6 14. h3 f5 15.
exf5 gxf5 16. Nh2 f4 17. g3 Ng5 18. h4 Nh3+ 19. Kh1 fxg3 20. fxg3 Nf2+ 21. Rxf2
Rxf2 22. Ng4 Rf8 23. Nh6+ Kh8 24. Qh5 Be6 25. Nxe5 Bd5+ 26. Nf3 Bxf3+ 27. Qxf3
Rxf3 28. Bb2+ Bf6 29. Nf7+ Kg8 30. Nxd8 Bxb2 0-1

[Event "XII Weekend A"]
[Site "Bergamo ITA"]
[Date "2000.03.??"]
[Round "?"]
[White "Bassis, Ivano"]
[Black "Bisignano, Giuseppe"]
[Result "0-1"]
[WhiteElo "1702"]
[BlackElo "1701"]
[PlyCount "112"]
[EventDate "2000.03.04"]

1. e4 e5 2. Nf3 Nc6 3. Bb5 d6 4. d4 Bd7 5. O-O Nf6 6. Nc3 Be7 7. Re1 exd4 8.
Nxd4 O-O 9. Bf4 Bg4 10. f3 Bd7 11. Bc4 Nh5 12. Nxc6 bxc6 13. Be3 Bg5 14. Qd2
Bxe3+ 15. Qxe3 Re8 16. Qd2 Qc8 17. Qg5 Nf6 18. e5 h6 19. Qf4 dxe5 20. Rxe5 Qb7
21. b3 Rxe5 22. Qxe5 Re8 23. Qc5 Qb6 24. Qxb6 cxb6 25. Bd3 Re5 26. Kf2 Rc5 27.
Ne4 Nxe4+ 28. Bxe4 g5 29. Rd1 Be6 30. c4 b5 31. cxb5 cxb5 32. Rd8+ Kg7 33. Ra8
Rc7 34. Rb8 f5 35. Bd3 Bd7 36. Ke3 f4+ 37. Kd2 a6 38. Rb6 Rc6 39. Rxc6 Bxc6 40.
Be4 Bxe4 41. fxe4 Kf6 42. Kd3 Ke5 43. h3 a5 44. a3 h5 45. a4 bxa4 46. bxa4 h4
47. Kd2 Kxe4 48. Ke2 Kd4 49. Kf3 Kc4 50. Kg4 Kb4 51. Kxg5 Kxa4 52. Kxf4 Kb4 53.
Ke3 Kc3 54. Ke2 a4 55. Kd1 a3 56. Kc1 a2 0-1

[Event "XII Weekend A"]
[Site "Bergamo ITA"]
[Date "2000.03.??"]
[Round "?"]
[White "Bassis, Ivano"]
[Black "Pirola, Andrea"]
[Result "1/2-1/2"]
[WhiteElo "1702"]
[BlackElo "1783"]
[PlyCount "65"]
[EventDate "2000.03.04"]

1. Nf3 e6 2. g3 Nf6 3. Bg2 c5 4. O-O Nc6 5. d3 d5 6. Nbd2 Be7 7. e4 O-O 8. Re1
b5 9. e5 Nd7 10. h4 Qc7 11. Qe2 f6 12. exf6 Nxf6 13. Bh3 Bd6 14. Bxe6+ Kh8 15.
Bxc8 Raxc8 16. Nf1 Rce8 17. Qd1 Rxe1 18. Qxe1 h6 19. Bd2 Qf7 20. N1h2 Nd7 21.
Qf1 c4 22. dxc4 bxc4 23. Bc3 Bc5 24. Rd1 Qf5 25. Qe2 Nf6 26. Bxf6 Rxf6 27. c3
Rg6 28. Nd4 Nxd4 29. cxd4 Bd6 30. Kg2 Rf6 31. Nf3 Re6 32. Qd2 Rf6 33. Qe2
1/2-1/2

[Event "XII Weekend A"]
[Site "Bergamo ITA"]
[Date "2000.03.??"]
[Round "?"]
[White "Bassis, Ivano"]
[Black "Vismara, Daniele"]
[Result "1-0"]
[WhiteElo "1702"]
[BlackElo "2265"]
[PlyCount "37"]
[EventDate "2000.03.04"]

1. e4 c5 2. Nf3 d6 3. d4 cxd4 4. Qxd4 a6 5. Bg5 h6 6. Bh4 Nc6 7. Qd2 g5 8. Bg3
Bg7 9. c3 Nf6 10. Bd3 d5 11. exd5 Qxd5 12. O-O O-O 13. Re1 Bg4 14. Be2 Qf5 15.
Bd3 Qc5 16. Qe2 Rfe8 17. Nbd2 e5 18. h3 Bh5 19. Bf5 {...} 1-0

[Event "XII Weekend A"]
[Site "Bergamo ITA"]
[Date "2000.03.??"]
[Round "?"]
[White "Bisignano, Giuseppe"]
[Black "Dal Zovo, Claudio"]
[Result "0-1"]
[WhiteElo "1701"]
[BlackElo "1819"]
[PlyCount "76"]
[EventDate "2000.03.04"]

1. e4 d6 2. Nc3 g6 3. d4 Bg7 4. h3 Nd7 5. f4 e5 6. Nf3 exd4 7. Nb5 Nc5 8. e5
dxe5 9. fxe5 Ne6 10. Bc4 Qe7 11. O-O Nh6 12. Bxe6 Bxe6 13. Nbxd4 Rd8 14. Qe2
Qc5 15. Rf2 Bc4 16. Qe4 Bd5 17. Qh4 Bxf3 18. Nxf3 Rd1+ 19. Kh2 Nf5 20. Qa4+ b5
21. Qe4 Rh1+ 22. Kxh1 Ng3+ 23. Kh2 Nxe4 24. Re2 Bxe5+ 25. g3 f5 26. Be3 Bxg3+
27. Kg2 Qc4 28. Nd4 O-O 29. Rd1 a6 30. b3 Qf7 31. Nc6 Bd6 32. Bh6 Re8 33. Re3
Nf6 34. Red3 Re2+ 35. Kf1 Qe8 36. Nd4 Rh2 37. Re3 Qa8 38. Nf3 Rxh3 0-1

[Event "XII Weekend A"]
[Site "Bergamo ITA"]
[Date "2000.03.??"]
[Round "?"]
[White "Bisignano, Giuseppe"]
[Black "Del Monte, Jorge Luis"]
[Result "0-1"]
[WhiteElo "1701"]
[BlackElo "1827"]
[PlyCount "42"]
[EventDate "2000.03.04"]

1. e4 e6 2. d4 d5 3. Nc3 Nf6 4. Bg5 dxe4 5. Nxe4 Be7 6. Ng3 Nbd7 7. Bc4 c6 8.
Nf3 O-O 9. O-O b5 10. Be2 Bb7 11. Qd2 a6 12. Rad1 Re8 13. Bxf6 Nxf6 14. Ne5 Qc7
15. f4 c5 16. Kh1 cxd4 17. Qxd4 Rad8 18. Qe3 Bc5 19. Qb3 Nd5 20. Rd3 Nxf4 21.
Rxd8 Bxg2# 0-1

[Event "XII Weekend A"]
[Site "Bergamo ITA"]
[Date "2000.03.??"]
[Round "?"]
[White "Bisignano, Giuseppe"]
[Black "Pirola, Andrea"]
[Result "0-1"]
[WhiteElo "1701"]
[BlackElo "1783"]
[PlyCount "112"]
[EventDate "2000.03.04"]

1. e4 e6 2. d4 d5 3. Nd2 dxe4 4. Nxe4 Nd7 5. Bf4 Ngf6 6. Bd3 Nxe4 7. Bxe4 Nf6
8. Bf3 Nd5 9. Bd2 Qf6 10. Ne2 Bd6 11. c3 O-O 12. Ng3 Bd7 13. O-O Bb5 14. Ne4
Qd8 15. Re1 Bc6 16. Qc2 Nf6 17. Bg5 Be7 18. Bxf6 Bxf6 19. Nxf6+ Qxf6 20. Bxc6
bxc6 21. Qe4 Rab8 22. Re2 Rb6 23. b4 Rfb8 24. Qe5 Qd8 25. a4 Qd5 26. Qxc7 a5
27. Re5 Qb3 28. Rc5 h6 29. Rxa5 Qxc3 30. Rf1 R6b7 31. Qf4 Qxb4 32. Rc5 Qxa4 33.
g4 Rd8 34. Qf3 Rxd4 35. h3 Rd5 36. Rfc1 Rb3 37. Qg2 Rb6 38. R5c4 Qa8 39. Qf3
Qb7 40. Kg2 Rb3 41. Qe4 Rb6 42. Qc2 c5 43. Kg1 Rb3 44. Qe4 Rb4 45. Qe2 Rxc4 46.
Qxc4 Qb4 47. Qa6 Qb3 48. Qf1 c4 49. Qxc4 Qxh3 50. Qe4 g6 51. Rc8+ Kg7 52. Qe2
Qd3 53. Qb2+ Qd4 54. Qe2 Re5 55. Qf3 h5 56. Rc7 Qxg4+ 0-1

[Event "XII Weekend A"]
[Site "Bergamo ITA"]
[Date "2000.03.??"]
[Round "?"]
[White "Dal Zovo, Claudio"]
[Black "Agnelli, Francesco"]
[Result "1/2-1/2"]
[WhiteElo "1819"]
[BlackElo "2118"]
[PlyCount "112"]
[EventDate "2000.03.04"]

1. d4 Nf6 2. Nf3 g6 3. b3 Bg7 4. Bb2 d6 5. Nbd2 O-O 6. e4 a5 7. a4 Na6 8. Be2
Nd7 9. O-O Nb4 10. c3 Nc6 11. Qc2 e5 12. Rac1 f5 13. Ba3 Kh8 14. dxe5 Ndxe5 15.
Nxe5 Nxe5 16. f4 Ng4 17. Bxg4 fxg4 18. Nc4 Re8 19. Rce1 Be6 20. Ne3 c6 21. c4
Bd4 22. Bb2 Qf6 23. Bxd4 Qxd4 24. Kh1 Bd7 25. Nd1 Kg8 26. Nc3 Rad8 27. Rd1 Qf6
28. Qd3 Bc8 29. Qd4 Qh4 30. g3 Qe7 31. Qb6 h5 32. Qf2 Rf8 33. Qe1 g5 34. f5 h4
35. Kg2 Qf6 36. Qe3 Rfe8 37. Qd4 Re5 38. Qd2 Re7 39. Qd4 Qh6 40. Rh1 h3+ 41.
Kf2 Rf7 42. Rhf1 Qf8 43. Kg1 Kh7 44. Rf2 Rf6 45. Re1 Re8 46. Nd1 c5 47. Qd2 Qh6
48. Nc3 Re5 49. Nd5 Rf8 50. Qxa5 Rf7 51. Qd8 Bd7 52. Qa5 Bc6 53. Qd2 Qh5 54.
Nc3 Qh6 55. Rfe2 Qf6 56. Rd1 Rd7 1/2-1/2

[Event "XII Weekend A"]
[Site "Bergamo ITA"]
[Date "2000.03.??"]
[Round "?"]
[White "Dal Zovo, Claudio"]
[Black "Bassis, Ivano"]
[Result "0-1"]
[WhiteElo "1819"]
[BlackElo "1702"]
[PlyCount "126"]
[EventDate "2000.03.04"]

1. d4 Nf6 2. Nf3 c5 3. e3 g6 4. b3 Bg7 5. Bb2 O-O 6. Nbd2 Nc6 7. a3 b6 8. g3
Bb7 9. Bg2 Qc7 10. O-O e6 11. c4 Ne7 12. Qc2 Rac8 13. Rad1 cxd4 14. exd4 d5 15.
Qb1 dxc4 16. bxc4 Qb8 17. Rc1 Qa8 18. Ne1 Rc7 19. Bxb7 Qxb7 20. Ng2 Rd8 21. Ne3
Ne8 22. Nb3 Nd6 23. Rfd1 Nef5 24. Qc2 Rcd7 25. c5 Qf3 26. Nxf5 Nxf5 27. Rd3 Qd5
28. Rcd1 Qc6 29. Qe2 bxc5 30. Nxc5 Nxd4 31. Bxd4 Rxd4 32. Rxd4 Rxd4 33. Rxd4
Bxd4 34. Nb3 Qb6 35. Nxd4 Qxd4 36. Qa6 Kg7 37. Kg2 f5 38. Qxe6 Qe4+ 39. Qxe4
fxe4 40. g4 Kf6 41. Kg3 Ke5 42. f4+ exf3 43. Kxf3 g5 44. Ke3 a6 45. a4 h6 46.
a5 Kd5 47. Kd3 Kc5 48. Ke4 Kb5 49. Kf5 Kxa5 50. Kg6 Kb5 51. Kxh6 a5 52. Kxg5 a4
53. h4 a3 54. h5 a2 55. h6 a1=Q 56. Kh5 Kc5 57. g5 Kd5 58. h7 Qg7 59. g6 Ke5
60. Kg5 Ke6 61. Kh5 Kf5 62. Kh4 Qxg6 63. h8=Q Qg4# 0-1

[Event "XII Weekend A"]
[Site "Bergamo ITA"]
[Date "2000.03.??"]
[Round "?"]
[White "Dal Zovo, Claudio"]
[Black "Del Monte, Jorge Luis"]
[Result "0-1"]
[WhiteElo "1819"]
[BlackElo "1827"]
[PlyCount "88"]
[EventDate "2000.03.04"]

1. d4 Nf6 2. Nf3 g6 3. Nbd2 Bg7 4. e4 O-O 5. Bd3 d6 6. O-O Nc6 7. c3 Bg4 8. h3
Bxf3 9. Nxf3 Nd7 10. Bd2 a6 11. a4 e5 12. d5 Ne7 13. b4 h6 14. Qc1 Kh7 15. Nh2
c6 16. dxc6 bxc6 17. Ng4 h5 18. Ne3 d5 19. f3 Nf6 20. Qc2 Ne8 21. Rae1 Nd6 22.
g4 Qd7 23. Rf2 f5 24. Ref1 dxe4 25. fxe4 f4 26. Nc4 hxg4 27. hxg4 Qxg4+ 28. Rg2
Qe6 29. Rh2+ Bh6 30. Nb6 Rab8 31. a5 g5 32. Bxa6 g4 33. Be2 Rf6 34. Qd1 f3 35.
Bd3 Kg7 36. Bxh6+ Rxh6 37. Rxh6 Qxh6 38. Qc1 f2+ 39. Kxf2 Rf8+ 40. Kg1 Rxf1+
41. Qxf1 Qe3+ 42. Kh1 g3 43. Kg2 Ng6 44. Qe2 Nf4+ 0-1

[Event "XII Weekend A"]
[Site "Bergamo ITA"]
[Date "2000.03.??"]
[Round "?"]
[White "Dal Zovo, Claudio"]
[Black "Gosio, Denis"]
[Result "0-1"]
[WhiteElo "1819"]
[BlackElo "1794"]
[PlyCount "104"]
[EventDate "2000.03.04"]

1. d4 Nf6 2. Nf3 e6 3. Nbd2 d5 4. e3 c5 5. b3 Bd6 6. Bd3 Nc6 7. a3 O-O 8. Bb2
Qe7 9. Ne5 a6 10. O-O Bd7 11. c4 Rfd8 12. f4 g6 13. g4 Be8 14. g5 Nh5 15. Ng4
cxd4 16. Nf6+ Nxf6 17. gxf6 Qxf6 18. Nf3 dxc4 19. Nxd4 Bc5 20. Bxc4 Nxd4 21.
exd4 Rxd4 22. Bxd4 Bxd4+ 23. Kg2 Bc6+ 24. Kg3 Bxa1 25. Qxa1 Qxa1 26. Rxa1 Rd8
27. Rc1 Rd6 28. Kg4 Kg7 29. h4 h5+ 30. Kg3 Kf6 31. Re1 Rd2 32. Re2 Rxe2 33.
Bxe2 Bd5 34. b4 Kf5 35. Bd3+ Be4 36. Be2 e5 37. fxe5 Kxe5 38. b5 a5 39. Bd1 b6
40. Bb3 f5 41. Bd1 f4+ 42. Kf2 Kd4 43. a4 Ke5 44. Bb3 Kf5 45. Bd1 g5 46. hxg5
Kxg5 47. Bb3 h4 48. Bd1 h3 49. Kg1 Kh4 50. Kh2 f3 51. Bb3 f2 52. Bc4 Bg2 0-1

[Event "XII Weekend A"]
[Site "Bergamo ITA"]
[Date "2000.03.??"]
[Round "?"]
[White "Del Monte, Jorge Luis"]
[Black "Bassis, Ivano"]
[Result "1-0"]
[WhiteElo "1827"]
[BlackElo "1702"]
[PlyCount "39"]
[EventDate "2000.03.04"]

1. e4 d5 2. exd5 Qxd5 3. Nc3 Qa5 4. Nf3 Nf6 5. Be2 g6 6. O-O Bg7 7. d4 c6 8.
Bg5 Bg4 9. Qd2 Nbd7 10. Rab1 Qc7 11. Bf4 Qb6 12. h3 Bxf3 13. Bxf3 O-O 14. d5
Nxd5 15. Nxd5 cxd5 16. Qxd5 Nc5 17. Be3 Rac8 18. b4 e6 19. Qg5 f6 20. Qg3 1-0

[Event "XII Weekend A"]
[Site "Bergamo ITA"]
[Date "2000.03.??"]
[Round "?"]
[White "Del Monte, Jorge Luis"]
[Black "Gosio, Denis"]
[Result "1-0"]
[WhiteElo "1827"]
[BlackElo "1794"]
[PlyCount "89"]
[EventDate "2000.03.04"]

1. e4 c5 2. Nf3 e6 3. d3 d5 4. Nbd2 Nf6 5. g3 Be7 6. Bg2 Nc6 7. O-O O-O 8. Re1
b5 9. e5 Nd7 10. Nf1 a5 11. Bf4 b4 12. h4 Ba6 13. N1h2 Rc8 14. Ng4 Nd4 15. Nd2
Kh8 16. c3 bxc3 17. bxc3 Nb5 18. Rc1 d4 19. c4 Nc3 20. Qc2 Rb8 21. Ne4 Nxe4 22.
Bxe4 Bb7 23. Rcd1 Bxe4 24. Rxe4 Qc7 25. Bc1 Qc6 26. Nh2 Nb6 27. Re2 Na4 28. Rf1
Rb7 29. Ree1 Rfb8 30. Qe2 Nc3 31. Qh5 g6 32. Qg4 Rb1 33. Bg5 Bf8 34. Rxb1 Rxb1
35. Rxb1 Nxb1 36. Bf6+ Kg8 37. h5 Nc3 38. Nf3 Nxa2 39. Ng5 Nc3 40. hxg6 fxg6
41. Nxe6 Qd7 42. f4 a4 43. f5 Kf7 44. fxg6+ hxg6 45. Nd8+ 1-0

[Event "XII Weekend A"]
[Site "Bergamo ITA"]
[Date "2000.03.??"]
[Round "?"]
[White "Del Monte, Jorge Luis"]
[Black "Vismara, Daniele"]
[Result "1-0"]
[WhiteElo "1827"]
[BlackElo "2265"]
[PlyCount "33"]
[EventDate "2000.03.04"]

1. e4 c5 2. Nf3 d6 3. d4 cxd4 4. Nxd4 Nf6 5. Nc3 a6 6. Bc4 e6 7. Be3 Be7 8. Qe2
Nc6 9. O-O-O Nxd4 10. Bxd4 Qa5 11. Kb1 b5 12. Bb3 O-O 13. g4 b4 14. g5 Nd7 15.
Na4 e5 16. Be3 Bb7 17. Qg4 1-0

[Event "XII Weekend A"]
[Site "Bergamo ITA"]
[Date "2000.03.??"]
[Round "?"]
[White "Gosio, Denis"]
[Black "Agnelli, Francesco"]
[Result "1-0"]
[WhiteElo "1794"]
[BlackElo "2118"]
[PlyCount "81"]
[EventDate "2000.03.04"]

1. e4 c5 2. Nf3 Nc6 3. d4 cxd4 4. Nxd4 e5 5. Nb5 d6 6. c4 Be7 7. N1c3 a6 8. Na3
Be6 9. Be2 Bg5 10. Nc2 Bxc1 11. Rxc1 Qg5 12. O-O Nge7 13. Nd5 O-O 14. Kh1 Rad8
15. b4 f5 16. b5 axb5 17. cxb5 Bxd5 18. exd5 Nb8 19. f4 Qf6 20. Qd2 Ng6 21.
fxe5 dxe5 22. Ne3 Qg5 23. d6 Kh8 24. Rc7 Nd7 25. Nc4 f4 26. Bf3 b6 27. a4 Nc5
28. Rxc5 bxc5 29. a5 Nh4 30. Be4 Rf6 31. b6 Rdf8 32. Rf3 Nxf3 33. gxf3 Rg6 34.
Qf2 Rh6 35. a6 Qg3 36. Qxg3 fxg3 37. Kg2 Rxh2+ 38. Kxg3 Ra2 39. a7 g5 40. Nxe5
h6 41. Ng6+ 1-0

[Event "XII Weekend A"]
[Site "Bergamo ITA"]
[Date "2000.03.??"]
[Round "?"]
[White "Gosio, Denis"]
[Black "Bassis, Ivano"]
[Result "1-0"]
[WhiteElo "1794"]
[BlackElo "1702"]
[PlyCount "127"]
[EventDate "2000.03.04"]

1. e4 d5 2. exd5 Qxd5 3. Nc3 Qa5 4. d4 Nf6 5. Nf3 c6 6. Bc4 Bf5 7. Bd2 e6 8.
Qe2 Nbd7 9. O-O-O Bb4 10. Ne5 Nxe5 11. dxe5 Nd5 12. Nxd5 Bxd2+ 13. Rxd2 exd5
14. Bb3 O-O-O 15. g4 Bg6 16. h4 h5 17. Rg1 Qb4 18. c3 Qf4 19. Rg3 Rde8 20. gxh5
Rxh5 21. Rf3 Qxh4 22. Re3 Qf4 23. Rf3 Rh1+ 24. Bd1 Qa4 25. a3 Qb3 26. Rh3 Qa2
27. Rc2 Rxe5 28. Rh8+ Kd7 29. Qg4+ Bf5 30. Rxh1 Qa1+ 31. Kd2 Bxg4 32. Bxg4+ f5
33. Rxa1 fxg4 34. Rg1 Re4 35. Rcc1 Rf4 36. Rcf1 Kd6 37. f3 gxf3 38. Rxg7 d4 39.
Rg3 dxc3+ 40. Kxc3 f2 41. Rg2 Rf3+ 42. Kc2 b5 43. Rfxf2 Re3 44. Rg7 a5 45. Rd2+
Kc5 46. Rg8 Kb6 47. Rg6 Kc5 48. Rdd6 Re2+ 49. Kc3 b4+ 50. axb4+ axb4+ 51. Kb3
Re3+ 52. Ka4 Re8 53. Rxc6+ Kd5 54. Rgd6+ Ke5 55. Kxb4 Rb8+ 56. Rb6 Re8 57. Re6+
Rxe6 58. Rxe6+ Kxe6 59. Kc5 Kd7 60. Kb6 Kc8 61. b4 Kb8 62. b5 Ka8 63. Kc7 Ka7
64. b6+ 1-0

[Event "XII Weekend A"]
[Site "Bergamo ITA"]
[Date "2000.03.??"]
[Round "?"]
[White "Gosio, Denis"]
[Black "Bisignano, Giuseppe"]
[Result "1-0"]
[WhiteElo "1794"]
[BlackElo "1701"]
[PlyCount "39"]
[EventDate "2000.03.04"]

1. e4 e5 2. Nf3 Nc6 3. Bb5 a6 4. Ba4 Nf6 5. O-O Be7 6. Re1 b5 7. Bb3 d6 8. c3
O-O 9. h3 Bb7 10. d4 exd4 11. cxd4 d5 12. e5 Ne4 13. Nc3 Na5 14. Bc2 f5 15.
exf6 Nxf6 16. Ng5 Qd7 17. Qd3 h6 18. Ne6 Rf7 19. Qg6 Kh8 20. Qxf7 1-0

[Event "XII Weekend A"]
[Site "Bergamo ITA"]
[Date "2000.03.??"]
[Round "?"]
[White "Gosio, Denis"]
[Black "Vismara, Daniele"]
[Result "1-0"]
[WhiteElo "1794"]
[BlackElo "2265"]
[PlyCount "41"]
[EventDate "2000.03.04"]

1. e4 c5 2. Nf3 d6 3. d4 cxd4 4. Nxd4 Nf6 5. Nc3 a6 6. Be3 Ng4 7. Bg5 h6 8. Bh4
g5 9. Bg3 Bg7 10. Be2 h5 11. Bxg4 hxg4 12. O-O Nc6 13. Nf5 Bxf5 14. exf5 Bxc3
15. bxc3 f6 16. Qxg4 Qa5 17. Rab1 O-O-O 18. Qe4 Qxc3 19. Rb3 Qa5 20. Rfb1 Rd7
21. Qxc6+ 1-0

[Event "XII Weekend A"]
[Site "Bergamo ITA"]
[Date "2000.03.??"]
[Round "?"]
[White "Pirola, Andrea"]
[Black "Agnelli, Francesco"]
[Result "1-0"]
[WhiteElo "1783"]
[BlackElo "2118"]
[PlyCount "100"]
[EventDate "2000.03.04"]

1. d4 Nf6 2. Nf3 g6 3. Bf4 Bg7 4. Nbd2 d6 5. e3 O-O 6. Be2 Nh5 7. Bg5 h6 8. Bh4
g5 9. Bg3 Nxg3 10. hxg3 c5 11. c3 cxd4 12. Nxd4 Nc6 13. Qc2 Qa5 14. N4b3 Qc7
15. Nf3 Re8 16. O-O-O a5 17. a4 Bd7 18. Nbd4 Nxd4 19. Nxd4 Qc5 20. g4 e6 21.
Rh3 Qe5 22. Rf1 Qd5 23. f4 Rac8 24. Nb5 Qxg2 25. Rhf3 Bxb5 26. axb5 Re7 27. f5
exf5 28. Qxf5 Rc5 29. Qd3 Qh2 30. Bd1 Qe5 31. Bc2 b6 32. Qh7+ Kf8 33. Bb3 d5
34. e4 Rxb5 35. Bxd5 Rxd5 36. exd5 Qxd5 37. Rd3 Qe5 38. Rfd1 Re8 39. Rd8 a4 40.
Rxe8+ Qxe8 41. Qd3 Bf6 42. Rf1 Kg7 43. Qd6 Qe3+ 44. Kb1 Be5 45. Qd5 Bf4 46.
Qd4+ Qxd4 47. cxd4 Kg6 48. Kc2 f5 49. gxf5+ Kxf5 50. Kd3 Ke6 1-0

[Event "XII Weekend A"]
[Site "Bergamo ITA"]
[Date "2000.03.??"]
[Round "?"]
[White "Pirola, Andrea"]
[Black "Dal Zovo, Claudio"]
[Result "1-0"]
[WhiteElo "1783"]
[BlackElo "1819"]
[PlyCount "92"]
[EventDate "2000.03.04"]

1. d4 Nf6 2. Nf3 g6 3. Bf4 d6 4. Nbd2 Bg7 5. e3 O-O 6. Be2 Nbd7 7. h3 b6 8. c3
Bb7 9. Qc2 Rc8 10. g4 e5 11. Bg5 Qe8 12. dxe5 Nxe5 13. Bxf6 Bxf6 14. O-O-O d5
15. Nxe5 Bxe5 16. Bf3 c5 17. Nc4 Qe6 18. Nxe5 Qxe5 19. h4 Rfd8 20. h5 Ba6 21.
hxg6 fxg6 22. Qa4 Bb7 23. c4 Bc6 24. Qxa7 Rd7 25. Bxd5+ Qxd5 26. Qa6 Ra8 27.
Qxa8+ Bxa8 28. cxd5 Rxd5 29. Rxd5 Bxd5 30. Rd1 Bxa2 31. Rd8+ Kg7 32. Rb8 h5 33.
gxh5 gxh5 34. Rxb6 Bf7 35. Kd2 h4 36. Ke2 h3 37. Kf3 Bc4 38. Kg3 Bf1 39. f4 c4
40. e4 Kf7 41. e5 Bg2 42. Ra6 Be4 43. Kxh3 Bf5+ 44. Kh4 Bd3 45. Kg5 c3 46. Ra7+
Ke6 1-0

[Event "XII Weekend A"]
[Site "Bergamo ITA"]
[Date "2000.03.??"]
[Round "?"]
[White "Pirola, Andrea"]
[Black "Del Monte, Jorge Luis"]
[Result "1-0"]
[WhiteElo "1783"]
[BlackElo "1827"]
[PlyCount "69"]
[EventDate "2000.03.04"]

1. d4 Nf6 2. Bg5 Ne4 3. Bf4 d5 4. f3 Nd6 5. Nd2 Bf5 6. Bxd6 Qxd6 7. e4 Bg6 8.
c3 Nd7 9. exd5 Qxd5 10. Bc4 Qg5 11. Qe2 O-O-O 12. Nh3 Qh4+ 13. Nf2 e6 14. a4
Bd6 15. a5 e5 16. g3 Qe7 17. d5 f5 18. b4 e4 19. fxe4 f4 20. Ba6 Nb8 21. Bb5
Rdf8 22. O-O fxg3 23. Qg4+ Kd8 24. hxg3 Qe5 25. Kg2 Qxc3 26. Nc4 Qxb4 27. Rab1
Qc5 28. Rbc1 Qb4 29. e5 Qxb5 30. exd6 Qxd5+ 31. Kg1 Nc6 32. a6 Nd4 33. dxc7+
Ke7 34. Rce1+ Ne6 35. axb7 1-0

[Event "XII Weekend A"]
[Site "Bergamo ITA"]
[Date "2000.03.??"]
[Round "?"]
[White "Pirola, Andrea"]
[Black "Gosio, Denis"]
[Result "0-1"]
[WhiteElo "1783"]
[BlackElo "1794"]
[PlyCount "60"]
[EventDate "2000.03.04"]

1. d4 Nf6 2. Bg5 Ne4 3. Bf4 d5 4. Nd2 Nf6 5. Ngf3 e6 6. e3 b6 7. c3 Bb7 8. Ne5
Bd6 9. Bd3 O-O 10. Bg5 Be7 11. h4 c5 12. g4 Nbd7 13. Bxf6 Bxf6 14. Nxd7 Qxd7
15. g5 Be7 16. Qc2 g6 17. Nf3 c4 18. Be2 Bd6 19. Ne5 Bxe5 20. dxe5 d4 21. O-O-O
Bxh1 22. Rxh1 d3 23. Qd1 Qb5 24. Bf3 Rad8 25. h5 Qxe5 26. Bg4 Qxg5 27. hxg6
hxg6 28. Rg1 b5 29. Kd2 Qf6 30. f4 b4 0-1

[Event "XII Weekend A"]
[Site "Bergamo ITA"]
[Date "2000.03.??"]
[Round "?"]
[White "Vismara, Daniele"]
[Black "Bisignano, Giuseppe"]
[Result "0-1"]
[WhiteElo "2265"]
[BlackElo "1701"]
[PlyCount "52"]
[EventDate "2000.03.04"]

1. d4 Nf6 2. c4 e6 3. Nc3 c5 4. Nf3 cxd4 5. Nxd4 Nc6 6. Ndb5 d6 7. Bf4 e5 8.
Bg5 a6 9. Bxf6 gxf6 10. Na3 f5 11. g3 Rb8 12. Bg2 Bd7 13. Qd2 Qa5 14. Nd5 Qxd2+
15. Kxd2 Bg7 16. Rac1 O-O 17. b3 e4 18. Nc2 b5 19. Nce3 Ne5 20. f4 exf3 21.
exf3 Rfe8 22. Rhe1 bxc4 23. Nxc4 Nxc4+ 24. Rxc4 Rxe1 25. Kxe1 Re8+ 26. Kf2 Bb5
0-1

[Event "XII Weekend A"]
[Site "Bergamo ITA"]
[Date "2000.03.??"]
[Round "?"]
[White "Vismara, Daniele"]
[Black "Dal Zovo, Claudio"]
[Result "1/2-1/2"]
[WhiteElo "2265"]
[BlackElo "1819"]
[PlyCount "41"]
[EventDate "2000.03.04"]

1. Nf3 Nf6 2. c4 c5 3. Nc3 g6 4. g3 Bg7 5. Bg2 Nc6 6. O-O O-O 7. d3 e6 8. Bf4
d6 9. Qd2 a6 10. a3 d5 11. cxd5 exd5 12. Rfc1 Be6 13. Rab1 Rc8 14. Na4 c4 15.
Nc5 Na5 16. b4 Rxc5 17. bxc5 Nb3 18. Rxb3 cxb3 19. d4 a5 20. a4 Bd7 21. Ra1
1/2-1/2

[Event "XII Weekend A"]
[Site "Bergamo ITA"]
[Date "2000.03.??"]
[Round "?"]
[White "Vismara, Daniele"]
[Black "Pirola, Andrea"]
[Result "0-1"]
[WhiteElo "2265"]
[BlackElo "1783"]
[PlyCount "36"]
[EventDate "2000.03.04"]

1. e4 e6 2. d4 d5 3. Nc3 dxe4 4. Nxe4 Nf6 5. Nxf6+ gxf6 6. Be3 Nd7 7. Bc4 a6 8.
Nh3 b5 9. Bb3 Bb7 10. Nf4 Qe7 11. Qd2 O-O-O 12. O-O-O Nc5 13. dxc5 Rxd2 14.
Rxd2 Bh6 15. Rhd1 Bxf4 16. Bxf4 Bxg2 17. Rd3 Be4 18. Rd4 Bf3 0-1